Balanced Christianity: (Record no. 7646)

MARC details
000 -LEADER
fixed length control field 00719nam a22001937a 4500
003 - CONTROL NUMBER IDENTIFIER
control field GBCCL
005 - DATE AND TIME OF LATEST TRANSACTION
control field 20241126110633.0
008 - FIXED-LENGTH DATA ELEMENTS--GENERAL INFORMATION
fixed length control field 180906b ||||| |||| 00| 0 eng d
040 ## - CATALOGING SOURCE
Transcribing agency GBC
082 ## - DEWEY DECIMAL CLASSIFICATION NUMBER
Classification number 239
Item number STO
100 ## - MAIN ENTRY--PERSONAL NAME
Personal name Stott, John R W
9 (RLIN) 325
245 ## - TITLE STATEMENT
Title Balanced Christianity:
Remainder of title a call to avoid unnecessary polarisation
260 ## - PUBLICATION, DISTRIBUTION, ETC.
Place of publication, distribution, etc. London :
Name of publisher, distributor, etc. Hodder and Stoughton,
Date of publication, distribution, etc. 1978
300 ## - PHYSICAL DESCRIPTION
Extent 48p. ;
505 ## - FORMATTED CONTENTS NOTE
Formatted contents note Unity, liberty & charity --<br/>Intellect & emotion --<br/>Conservative & radical --<br/>Form & freedom --<br/>Evangelism & social action --<br/>Life in the spirit of truth : an interview with John Stott.
650 ## - SUBJECT ADDED ENTRY--TOPICAL TERM
Topical term or geographic name entry element Apologetics -- History -- 20th century.
9 (RLIN) 13483
650 ## - SUBJECT ADDED ENTRY--TOPICAL TERM
Topical term or geographic name entry element Apologetics.
9 (RLIN) 85
942 ## - ADDED ENTRY ELEMENTS (KOHA)
Source of classification or shelving scheme Dewey Decimal Classification
Koha item type Books
Holdings
Withdrawn status Lost status Source of classification or shelving scheme Damaged status Not for loan Home library Current Library Shelving location Date acquired Total checkouts Full call number Barcode Date last seen Date last checked out Copy number Price effective from Koha item type
    Dewey Decimal Classification     GRACE BIBLE COLLEGE GRACE BIBLE COLLEGE Theology 2018-09-06 1 239 STO 003549 2025-09-15 2025-09-04 c.1 2018-09-06 Books
© Grace Bible College Library 2025